[Event "GM Gelfand Camp Blitz"]
[Site "chess.com INT"]
[Date "2020.07.01"]
[Round "3.3"]
[White "Krush,I"]
[Black "He,Anthony"]
[Result "1/2-1/2"]
[WhiteElo "2429"]
[BlackElo "2337"]

1.d4 Nf6 2.c4 g6 3.Nc3 d5 4.cxd5 Nxd5 5.e4 Nxc3 6.bxc3 Bg7 7.Bc4 c5 8.Ne2 O-O
9.O-O Nc6 10.Be3 e6 11.Rc1 b6 12.f4 Bb7 13.dxc5 Na5 14.Bd3 Qc7 15.cxb6 axb6
16.Bd4 Rfd8 17.Bxg7 Kxg7 18.Nd4 Nc6 19.Qe2 Qd6 20.Nxc6 Bxc6 21.Rfd1 Qc5+
22.Kh1 Ra3 23.Qb2 Rda8 24.Bb1 Kg8 25.h3 b5 26.Rd4 e5 27.fxe5 Qxe5 28.Qb4 R3a4
29.Qb2 Kg7 30.Rcd1 R4a7 31.Qd2 Re8 32.Qe3 Rae7 33.Rd6 Bxe4 34.Bxe4 Qxe4 35.Qxe4 Rxe4
36.Rb6 Ra4 37.Rd2 Re5 38.Rb2 Rc5 39.R6xb5 Rxc3 40.Re5 Rca3 41.Ree2 h5 42.Kh2 h4
43.Red2 Kf6 44.Rf2+ Kg7 45.Rb7 Rxa2 46.Rfxf7+ Kh6 47.Rh7+ Kg5 48.Rb5+ Kf6
49.Rb6+ Kg5 50.Rb5+ Kf6 51.Rb6+ Kf5 52.Rf7+ Kg5 53.Rg7 Kf5 54.Rbxg6 Ke5 55.Rg4 Kf6
56.Rxa4 Rxa4 57.Rg4 Rxg4 58.hxg4 Kg6 59.Kh3 Kg5 60.g3 hxg3 61.Kxg3 Kg6  1/2-1/2

[Event "GM Gelfand Camp Blitz"]
[Site "chess.com INT"]
[Date "2020.07.01"]
[Round "4.4"]
[White "Kumar,Nikhil"]
[Black "Krush,I"]
[Result "1/2-1/2"]
[WhiteElo "2328"]
[BlackElo "2429"]

1.c4 c5 2.Nf3 Nc6 3.d4 cxd4 4.Nxd4 g6 5.e4 Bg7 6.Be3 d6 7.Nc3 Nf6 8.Be2 O-O
9.O-O Bd7 10.f3 Nxd4 11.Bxd4 Bc6 12.Qd2 Nd7 13.Bxg7 Kxg7 14.Kh1 Qb6 15.Nd5 Bxd5
16.exd5 a5 17.Rfe1 Nf6 18.Bd3 Rfe8 19.Re2 Qb4 20.Qc2 Rac8 21.a3 Qb6 22.Rb1 Nxd5
23.Qd2 Nf6 24.b4 axb4 25.axb4 Qd4 26.Qd1 Ra8 27.Rd2 Qf4 28.Bf1 Ra3 29.c5 dxc5
30.bxc5 Qc7 31.Qc1 Ra5 32.Rc2 Rc8 33.g3 Rxc5 34.Rxc5 Qxc5 35.Qxc5 Rxc5 36.Rxb7 e6
37.Kg2 h5 38.h4 Nd5 39.Kf2 Rc2+ 40.Kg1 Ne3 41.Rb3 Nf5 42.Bd3 Rc1+ 43.Kf2 Nd4
44.Rb4 Nc6 45.Rb3 Kf6 46.Be4 Ne5 47.Ra3 Rd1 48.Rb3 Rd2+ 49.Ke1 Ra2 50.Rc3 Kg7
51.Rb3 f5 52.Bb1 Rg2 53.f4 Ng4 54.Kf1 Rd2 55.Bd3 Kf6 56.Ke1 Rg2 57.Kf1 Rf2+
58.Ke1 Rf3 59.Kd2 Rxg3 60.Rb6 Re3 61.Bc4 Re4 62.Kd3 Nf2+ 63.Kc3 Nh3 64.Bd5 Re1
65.Kd2 Nxf4 66.Kxe1 Nxd5 67.Rb2 f4 68.Kf2 Kf5 69.Rb8 e5 70.Rf8+ Kg4 71.Re8 Kf5
72.Rf8+ Ke4 73.Rg8 Ne7 74.Rg7 Nf5 75.Rxg6 Nxh4 76.Rg5 Nf5 77.Rxh5 Nd4 78.Rh1 Kd5
79.Re1 e4 80.Ra1 e3+ 81.Kf1 Ke4 82.Ra2 f3 83.Ke1 f2+ 84.Rxf2 exf2+ 85.Kxf2  1/2-1/2

[Event "GM Gelfand Camp Blitz"]
[Site "chess.com INT"]
[Date "2020.07.01"]
[Round "5.4"]
[White "Krush,I"]
[Black "Turgut,Aydin"]
[Result "1-0"]
[WhiteElo "2429"]
[BlackElo "2269"]

1.d4 Nf6 2.c4 e6 3.Nc3 d5 4.cxd5 exd5 5.Bg5 c6 6.e3 Nbd7 7.Bd3 Be7 8.h3 Ne4
9.Bf4 Ndf6 10.Qc2 Nxc3 11.bxc3 O-O 12.Nf3 Re8 13.O-O c5 14.c4 cxd4 15.Nxd4 Bd6
16.Bxd6 Qxd6 17.c5 Qe7 18.Rab1 h6 19.Rfc1 Be6 20.Qb3 Rac8 21.Qxb7 Rxc5 22.Qa6 Rxc1+
23.Rxc1 Rb8 24.Nb5 Rb7 25.a3 g6 26.Rc6 Kg7 27.Nd4 Rd7 28.Nxe6+ fxe6 29.Rxe6 Qf7
30.Rd6 Rc7 31.Rc6 Rd7 32.Qa4 Qe7 33.Qd4 Rb7 34.Ra6 Rc7 35.g3 Qf7 36.Kg2 Qe7
37.g4 Qf7 38.h4 g5 39.hxg5 hxg5 40.Qe5 d4 41.Qxg5+ Kh8 42.Rxf6  1-0

[Event "GM Gelfand Camp Blitz"]
[Site "chess.com INT"]
[Date "2020.07.01"]
[Round "6.2"]
[White "Xiong,Jeffery"]
[Black "Krush,I"]
[Result "1-0"]
[WhiteElo "2709"]
[BlackElo "2429"]

1.d4 d5 2.c4 dxc4 3.Nf3 Nf6 4.e3 e6 5.Bxc4 c5 6.O-O Nc6 7.a3 a6 8.dxc5 Qxd1
9.Rxd1 Bxc5 10.b4 Be7 11.Bb2 Bd7 12.Nbd2 O-O 13.Be2 Rfd8 14.Nc4 Be8 15.Rdc1 Nd5
16.Nd4 Nxd4 17.Bxd4 Bb5 18.Bf1 Rac8 19.Na5 Bxf1 20.Kxf1 b5 21.Ke2 f6 22.Nc6 Re8
23.e4 Nf4+ 24.Kf3 Bd6 25.Rc3 e5 26.Be3 Ne6 27.Rac1 Rc7 28.Rd3 Bf8 29.Bb6 Rcc8
30.Rdc3 Ra8 31.h4 g6 32.g3 Bh6 33.Be3 Bxe3 34.Kxe3 Kf8 35.f4 exf4+ 36.gxf4 Rac8
37.Na5 Rxc3+ 38.Rxc3 f5 39.e5 Ke7 40.Rc6 Ra8 41.Rd6 h6 42.Nc6+ Kf7 43.Rd7+ Kf8
44.Rh7 Rc8 45.Rh8+  1-0

[Event "GM Gelfand Camp Blitz"]
[Site "chess.com INT"]
[Date "2020.07.01"]
[Round "7.1"]
[White "Krush,I"]
[Black "Gelfand,B"]
[Result "1-0"]
[WhiteElo "2429"]
[BlackElo "2676"]

1.d4 Nf6 2.c4 e6 3.Nc3 Bb4 4.Qc2 d5 5.cxd5 exd5 6.Bf4 c5 7.dxc5 O-O 8.e3 Qa5
9.Bd3 Nbd7 10.Ne2 Nb8 11.O-O Qxc5 12.a3 Bxc3 13.Nxc3 Be6 14.Be5 Nbd7 15.Bd4 Qa5
16.Rac1 Rac8 17.Qe2 a6 18.h3 Qd8 19.Qf3 Qe7 20.Ne2 h6 21.Ng3 g6 22.Qf4 Kh7
23.h4 Ng4 24.f3 Ngf6 25.h5 Kg7 26.hxg6 fxg6 27.Ne2 g5 28.Qh2 Nc5 29.Bc2 Bd7
30.Ng3 Kg8 31.Qxh6 Ne6 32.Nf5 Qh7 33.Qxh7+ Kxh7 34.Nd6+ Rxc2 35.Rxc2 Nxd4
36.exd4 Bc6 37.Re1 Kg6 38.Re7 g4 39.Nxb7 Bxb7 40.Rxb7 g3 41.Rb6 Kf5 42.Re2 Rc8
43.Re5+ Kg6 44.Kf1 Rc1+ 45.Ke2 Rc2+ 46.Ke3 Rxg2 47.Ree6  1-0

[Event "GM Gelfand Camp Blitz"]
[Site "chess.com INT"]
[Date "2020.07.01"]
[Round "8.4"]
[White "Arribas Lopez,A"]
[Black "Krush,I"]
[Result "1-0"]
[WhiteElo "2434"]
[BlackElo "2429"]

1.e4 c5 2.Nc3 Nc6 3.Bb5 Nd4 4.Nf3 Nxb5 5.Nxb5 a6 6.Nc3 d6 7.d4 cxd4 8.Qxd4 Nf6
9.Bg5 e6 10.O-O-O Be7 11.Bxf6 gxf6 12.Rhe1 Qa5 13.Kb1 b5 14.Nd5 exd5 15.exd5 Qc7
16.Qxf6 Rg8 17.Nd4 Kf8 18.Qh6+ Rg7 19.Nc6 Bf5 20.Rxe7 Qb6 21.Rde1 Qc5 22.Rxf7+ Kxf7
23.Re7+  1-0

[Event "GM Gelfand Camp Blitz"]
[Site "chess.com INT"]
[Date "2020.07.01"]
[Round "9.5"]
[White "Krush,I"]
[Black "Easton,Jack"]
[Result "1-0"]
[WhiteElo "2429"]
[BlackElo "2175"]

1.d4 d5 2.c4 dxc4 3.Nf3 Nf6 4.e3 e6 5.Bxc4 a6 6.O-O b5 7.Bd3 Bb7 8.a4 b4
9.Nbd2 Nbd7 10.e4 c5 11.e5 Nd5 12.Nc4 cxd4 13.Bg5 Qb8 14.Re1 Bc5 15.Nfd2 h6
16.Qh5 Ne7 17.Nb3 O-O 18.Bxh6 gxh6 19.Qxh6 Nf5 20.Bxf5 exf5 21.Qg5+ Kh8 22.Qxf5 Qd8
23.Qh5+ Kg7 24.e6 fxe6 25.Rxe6 Rf6 26.Qg5+ Kf7 27.Qh5+ Kxe6 28.Re1+ Ne5 29.Rxe5+ Kd7
30.Nxc5+ Kc8 31.Qe2 Bc6 32.h4 Ra7 33.Re6 Rg7 34.g3 Rxe6 35.Qxe6+ Kc7 36.Ne5 Qd6
37.Nxa6+ Kb6 38.Qxd6  1-0

[Event "GM Gelfand Camp Blitz"]
[Site "chess.com INT"]
[Date "2020.07.01"]
[Round "10.2"]
[White "Krush,I"]
[Black "Liang,Awonder"]
[Result "0-1"]
[WhiteElo "2429"]
[BlackElo "2592"]

1.d4 Nf6 2.c4 g6 3.Nc3 Bg7 4.e4 O-O 5.Be2 d6 6.Be3 Nc6 7.d5 Ne5 8.f4 Neg4
9.Bd2 e6 10.h3 Nh6 11.Nf3 exd5 12.cxd5 Re8 13.Qc2 c6 14.dxc6 bxc6 15.O-O d5
16.e5 Bf5 17.Qa4 Qb6+ 18.Kh2 Ne4 19.Qa3 Nxd2 20.Nxd2 Qe3 21.Nb3 Rab8 22.Rad1 f6
23.Nd4 fxe5 24.Rf3 exd4 25.Rxe3 Rxe3 26.Bf3 dxc3 27.bxc3 Rxc3 28.Qd6 Re8
29.Rd2 Nf7 30.Qc7 Be4 31.Bxe4 dxe4 32.Rd7 Rf8 33.Re7 Bf6 34.Re6 Bh4 35.g4 Rd8
36.Rxe4 Rd2+ 37.Kg1 Rc1+  0-1

[Event "GM Gelfand Camp Blitz"]
[Site "chess.com INT"]
[Date "2020.07.01"]
[Round "11.6"]
[White "Liang,Jason"]
[Black "Krush,I"]
[Result "1/2-1/2"]
[WhiteElo "2340"]
[BlackElo "2429"]

1.e4 c5 2.Nf3 d6 3.d4 cxd4 4.Nxd4 Nf6 5.f3 e5 6.Nb3 Nc6 7.c4 Be7 8.Nc3 O-O
9.Be3 Nd7 10.Qd2 Nc5 11.Nd5 Be6 12.Be2 Bxd5 13.Qxd5 Bg5 14.Bf2 Nb4 15.Qd1 Qc7
16.O-O a5 17.a3 Nba6 18.Nc1 a4 19.Nd3 Nxd3 20.Qxd3 Nc5 21.Qd5 Ra6 22.Rad1 Rb6
23.h4 Bh6 24.Rb1 Ra8 25.Rfd1 g6 26.Bf1 Raa6 27.Kh2 Rb3 28.Bxc5 Qxc5 29.Qxc5 dxc5
30.Rd8+ Kg7 31.Rd5 Be3 32.Kh3 Bd4 33.Rd7 Rab6 34.Be2 Rxb2 35.Rxb2 Rxb2 36.Bd1 b5
37.cxb5 c4 38.Bxa4 Ra2 39.Rc7 c3 40.Bb3 Rxa3 41.Bxf7 Bb6 42.Rb7 Bd4 43.Bc4+ Kf8
44.Rc7 c2 45.Bd3 Rxd3 46.Rxc2 Rb3 47.Rc7 Kg8 48.h5 gxh5 49.Rb7 Be3 50.Kh4 Rb1
51.Kxh5 Rh1+ 52.Kg4 Rg1 53.Kf5 Bd4 54.g4 Rf1 55.b6 Rxf3+ 56.Ke6 Rb3 57.Rb8+ Kg7
58.b7 Ba7 59.Ra8 Rxb7 60.Kxe5 Rf7 61.Ke6 Bc5 62.Rc8 Re7+ 63.Kf5 Bd4 64.Kf4 Be5+
65.Ke3 h6 66.Rc6 Bf6 67.Kf3 Kg6 68.Rc5 Be5 69.Rc6+ Kg5 70.Rc8 Rf7+ 71.Kg2 Kxg4
72.Rg8+ Kh4 73.Re8 Bd4 74.Rd8 Rf2+ 75.Kg1 Rd2+ 76.Kf1 h5 77.e5 Rd1+ 78.Ke2 Rg1
79.Rxd4+ Kg5 80.Kf2 Ra1 81.Re4 Kf5 82.Re2 Ke6 83.Kg3 Ra5 84.Kh4 Rxe5 85.Rxe5+ Kxe5
86.Kxh5  1/2-1/2

[Event "GM Gelfand Camp Blitz"]
[Site "chess.com INT"]
[Date "2020.07.01"]
[Round "12.5"]
[White "Ruiz C,J"]
[Black "Krush,I"]
[Result "1-0"]
[WhiteElo "2498"]
[BlackElo "2429"]

1.Nf3 d5 2.g3 Bg4 3.Bg2 Nd7 4.c4 e6 5.Nc3 c6 6.O-O Ngf6 7.b3 Bd6 8.d4 O-O
9.Bf4 Qc7 10.Qd2 dxc4 11.bxc4 e5 12.Nxe5 Nxe5 13.dxe5 Bxe5 14.Bxe5 Qxe5 15.Rab1 Rad8
16.Qb2 Rd7 17.Ne4 Qxb2 18.Rxb2 Nxe4 19.Bxe4 Re8 20.f3 Bh5 21.Rfb1 Bg6 22.Bxg6 hxg6
23.c5 Ree7 24.Kf2 Kf8 25.e4 f5 26.Ke3 Ke8 27.Rb4 Kd8 28.Rd4 Rxd4 29.Kxd4 fxe4
30.fxe4 Rf7 31.Rb2 g5 32.e5 Kc8 33.e6 Rf1 34.Ke5 Re1+ 35.Kf5 Kc7 36.Rd2 b6
37.Rd7+ Kc8 38.Rxa7 bxc5 39.e7 c4 40.e8=Q+ Rxe8 41.Ra8+ Kd7 42.Rxe8 Kxe8
43.Ke4 c5 44.Ke3 Kd7 45.Kd2 Kc6 46.Kc3 Kb5 47.g4 g6 48.h3 Kb6 49.Kxc4 Kc6
50.a3 Kd6 51.a4 Kc6 52.a5 Kd6 53.a6 Kc6 54.a7 Kb7 55.Kxc5 Kxa7 56.Kd6 Kb7
57.Ke6 Kc7 58.Kf6 Kd7 59.Kxg5  1-0

[Event "GM Gelfand Camp Blitz"]
[Site "chess.com INT"]
[Date "2020.07.01"]
[Round "13.5"]
[White "Yoo,Christopher Woojin"]
[Black "Krush,I"]
[Result "1-0"]
[WhiteElo "2455"]
[BlackElo "2429"]

1.e4 c5 2.Nf3 d6 3.d4 cxd4 4.Nxd4 Nf6 5.Nc3 Nc6 6.Bg5 e6 7.Bb5 Bd7 8.Qd3 Be7
9.O-O-O Qc7 10.f4 a6 11.Bxc6 bxc6 12.Rhe1 h6 13.Bh4 g5 14.fxg5 Ng4 15.Qd2 hxg5
16.Bxg5 f6 17.h3 Ne5 18.Bf4 Rb8 19.Nb3 c5 20.Bxe5 fxe5 21.Qe2 a5 22.Qa6 a4
23.Nd2 Bc6 24.Nc4 O-O 25.Rd3 Rb4 26.Qa5 Qb8 27.b3 axb3 28.axb3 Rf2 29.Red1 Bg5+
30.Kb2 Rxc4 31.Rg3 Rb4 32.Rxg5+ Kf7 33.Kc1 c4 34.Qa6 cxb3 35.Qxc6 Rxc2+ 36.Kb1 Qa7
37.Rf1+ Ke7 38.Rg7+  1-0

[Event "Women's Speed Chess GP3"]
[Site "chess.com INT"]
[Date "2020.07.08"]
[Round "1.1"]
[White "Khademalsharieh,S"]
[Black "Krush,I"]
[Result "1-0"]
[WhiteElo "2494"]
[BlackElo "2429"]

1.d4 d5 2.c4 dxc4 3.Nf3 Nf6 4.e3 e6 5.Bxc4 c5 6.O-O Nc6 7.Nc3 a6 8.Qe2 b5
9.Bb3 Bb7 10.Rd1 Qc7 11.dxc5 Bxc5 12.Bd2 O-O 13.Rac1 Qb6 14.a3 Rfd8 15.h3 h6
16.Ba2 Rac8 17.Be1 Nb8 18.Ne5 Nbd7 19.Nd3 Bd6 20.e4 Ne5 21.Kh1 Nxd3 22.Rxd3 Be5
23.Rxd8+ Rxd8 24.Bb1 Bd4 25.e5 Nd5 26.Nxd5 Bxd5 27.Rd1 Bc5 28.Bc3 Bb7 29.Rxd8+ Qxd8
30.f3 Bb6 31.Qc2 g6 32.Qd3 Qc7 33.Qd2 Qc5 34.Qe1 Bd5 35.Kh2 h5 36.Bb4 Qd4
37.Bc3 Qf4+ 38.Kh1 Bxf3 39.Qf1 Bxg2+ 40.Kxg2 Qg5+ 41.Kh1 Qe3 42.Bd3 Kg7 43.Qf6+ Kg8
44.Qf1 Kg7 45.Be2 Kg8 46.Bf3 Qf4 47.Bg2 Qe3 48.Qe1 Qc5 49.Ba5  1-0

[Event "Women's Speed Chess GP3"]
[Site "chess.com INT"]
[Date "2020.07.08"]
[Round "1.4"]
[White "Krush,I"]
[Black "Khademalsharieh,S"]
[Result "0-1"]
[WhiteElo "2429"]
[BlackElo "2494"]

1.d4 Nf6 2.c4 e6 3.Nc3 Bb4 4.Qc2 d5 5.cxd5 Qxd5 6.Nf3 Qf5 7.Qxf5 exf5 8.a3 Be7
9.Bf4 c6 10.e3 Be6 11.Bd3 h6 12.h4 g6 13.Ke2 Nbd7 14.Nd2 Nh5 15.Be5 Nxe5
16.dxe5 f4 17.Nde4 Bg4+ 18.f3 Be6 19.Rad1 O-O-O 20.Kf2 g5 21.hxg5 hxg5 22.Be2 fxe3+
23.Kxe3 Nf4 24.g3 Nd5+ 25.Nxd5 cxd5 26.Nd6+ Bxd6 27.exd6 Kd7 28.Kd4 Kxd6
29.f4 gxf4 30.gxf4 Rxh1 31.Rxh1 Rg8 32.Rh6 Rg2 33.Bf3 Rd2+ 34.Ke3 Rxb2 35.f5 Rb3+
36.Kf4 Rxa3 37.fxe6 fxe6 38.Bg4 Ra4+ 39.Kf3 Re4 40.Rh7 Kc6 41.Re7 Rb4 42.Rxe6+ Kc5
43.Re5 Rb3+ 44.Kf4 Rb4+ 45.Kf3 a5 46.Be6 Kd6 47.Re1 a4 48.Bf7 b5 49.Ra1 Rb3+
50.Ke2 a3 51.Kd2 b4 52.Kc2 Rb2+ 53.Kd3 Rb3+ 54.Kc2 Rf3 55.Bg6 Kc5 56.Bd3 b3+
57.Kc3 b2  0-1

[Event "Women's Speed Chess GP3"]
[Site "chess.com INT"]
[Date "2020.07.08"]
[Round "1.5"]
[White "Khademalsharieh,S"]
[Black "Krush,I"]
[Result "1-0"]
[WhiteElo "2494"]
[BlackElo "2429"]

1.d4 d5 2.c4 dxc4 3.Nf3 Nf6 4.e3 e6 5.Bxc4 c5 6.O-O Nc6 7.Nc3 a6 8.Qe2 b5
9.Bb3 Bb7 10.Rd1 Qc7 11.Bd2 Be7 12.Rac1 cxd4 13.exd4 O-O 14.d5 exd5 15.Nxd5 Nxd5
16.Bxd5 Bf6 17.Bg5 Bxg5 18.Nxg5 Qf4 19.Qh5 h6 20.Nxf7 Kh7 21.g3 Qf6 22.h4 Na5
23.Ng5+ Kh8 24.Rc2 Bxd5 25.Rxd5 Rac8 26.Rxc8 Qxf2+ 27.Kh1 Rxc8 28.Nf7+ Kh7
29.Qf5+ Qxf5 30.Rxf5 Rc1+ 31.Kg2 Rc2+ 32.Rf2 Rxf2+ 33.Kxf2 Nc4 34.b3 Nb6
35.Ne5 g5 36.Ke3 Nd5+ 37.Kd4 Nb4 38.hxg5 hxg5 39.a4 bxa4 40.bxa4 Kh6 41.Kc5 Nc2
42.Kb6 Nb4 43.Ka5 Nd5 44.Kxa6 Kh5 45.Kb5 Nc3+ 46.Kb4 Ne2 47.a5 Nxg3 48.a6 Nf5
49.a7 Nd6 50.a8=Q  1-0

[Event "Women's Speed Chess GP3"]
[Site "chess.com INT"]
[Date "2020.07.08"]
[Round "1.6"]
[White "Krush,I"]
[Black "Khademalsharieh,S"]
[Result "0-1"]
[WhiteElo "2429"]
[BlackElo "2494"]

1.d4 Nf6 2.c4 e6 3.Nc3 Bb4 4.Qc2 d5 5.e3 O-O 6.Nf3 b6 7.Bd3 Re8 8.O-O Bb7
9.cxd5 exd5 10.a3 Bf8 11.b4 Nbd7 12.Qb3 c6 13.a4 Rc8 14.Ba3 Rc7 15.Rac1 a6
16.Rfd1 Qa8 17.Bf1 Rec8 18.Ne2 Ne4 19.Nf4 Bd6 20.Nd3 a5 21.bxa5 Qxa5 22.Bxd6 Nxd6
23.Nb4 c5 24.Nxd5 c4 25.Ne7+ Kf8 26.Qa3 Kxe7 27.Ne5 Nxe5 28.dxe5 Qxe5 29.Rd4 Qc5
30.Qa1 c3 31.Qb1 c2 32.Qb2 Nf5 33.Rc4 Qa5 34.Rxc7+ Rxc7 35.Rxc2 Rxc2 36.Qxc2 Qc5
37.Qb2 f6 38.h3 Nd6 39.Qb3 Bd5 40.Qb1 Bc6 41.Qxh7 Kf7 42.Bd3 Qg5 43.g3 Ke7
44.Qg8 Qd5 45.Qxg7+ Kd8 46.Qxf6+ Kd7 47.Qg7+ Kd8 48.Qf6+ Kc7 49.Qg7+ Kb8
50.Qf8+ Nc8  0-1

[Event "Women's Speed Chess GP3"]
[Site "chess.com INT"]
[Date "2020.07.08"]
[Round "1.7"]
[White "Khademalsharieh,S"]
[Black "Krush,I"]
[Result "1-0"]
[WhiteElo "2494"]
[BlackElo "2429"]

1.d4 d5 2.Nf3 Nf6 3.c4 dxc4 4.e3 e6 5.Bxc4 c5 6.O-O Nc6 7.Nc3 a6 8.Qe2 b5
9.Bb3 Bb7 10.Rd1 Qb6 11.d5 exd5 12.Nxd5 Nxd5 13.Bxd5 Be7 14.e4 O-O 15.Be3 Nb4
16.Bxb7 Qxb7 17.a3 Nc6 18.Rd5 c4 19.Rad1 Rad8 20.h4 h6 21.h5 Rfe8 22.Nh2 Rxd5
23.exd5 Nb8 24.Ng4 Bf8 25.Qf3 Qe7 26.Bxh6 gxh6 27.d6 Qe6 28.Nf6+ Kh8 29.Nxe8 Qxe8
30.d7 Qd8 31.Qxf7 Be7 32.Qe8+ Kg7 33.Re1 Bg5 34.Re6 Nxd7 35.Rg6+ Kh7 36.Qf7+ Kh8
37.Qg7+  1-0

[Event "Women's Speed Chess GP3"]
[Site "chess.com INT"]
[Date "2020.07.08"]
[Round "1.8"]
[White "Krush,I"]
[Black "Khademalsharieh,S"]
[Result "1-0"]
[WhiteElo "2429"]
[BlackElo "2494"]

1.d4 Nf6 2.c4 e6 3.Nc3 Bb4 4.Qc2 d5 5.e3 O-O 6.Nf3 b6 7.Bd3 Ba6 8.b3 c5 9.O-O cxd4
10.exd4 Nbd7 11.Bb2 Rc8 12.Qe2 Rc7 13.Ne5 Bd6 14.Rac1 Qb8 15.Nb5 Bxb5 16.cxb5 Bxe5
17.dxe5 Ne8 18.b4 g6 19.Rc6 Qb7 20.Rfc1 Nb8 21.Rxc7 Nxc7 22.Qc2 Ne8 23.Qc8 Qxc8
24.Rxc8 Ng7 25.Rc7 Nh5 26.g3 Rd8 27.Bd4 Ng7 28.Rxa7 Rc8 29.Bxb6 Nf5 30.Ra8 Kg7
31.Ba7 Rc1+ 32.Kg2 Nd7 33.b6 Rc3 34.Bxf5 gxf5 35.b7 Ra3 36.Bd4 Rd3 37.Be3 d4
38.Bf4 Rd1 39.b8=Q Nxb8 40.Rxb8 d3 41.Rd8 Rb1 42.Rxd3 Rxb4 43.Bg5 Ra4 44.Bf6+ Kg6
45.a3 f4 46.g4 h5 47.h3 hxg4 48.hxg4 Kh7 49.Rh3+ Kg6 50.Rb3 Kh7 51.Kf3 Kg6
52.Be7 Kh7 53.Rb8 Kg6 54.Rg8+ Kh7 55.Rf8 Kg7 56.Rc8 Rd4 57.Bb4 Rd3+ 58.Kxf4 Rd1
59.Kg5 Rg1 60.f4 Rg2 61.Be7 Kh7 62.Bf6 Rxg4+ 63.Kxg4  1-0

[Event "Women's Speed Chess GP3"]
[Site "chess.com INT"]
[Date "2020.07.08"]
[Round "1.9"]
[White "Khademalsharieh,S"]
[Black "Krush,I"]
[Result "0-1"]
[WhiteElo "2494"]
[BlackElo "2429"]

1.Nf3 d5 2.d4 Nf6 3.c4 dxc4 4.e3 e6 5.Bxc4 c5 6.O-O Nc6 7.Nc3 a6 8.Qe2 b5
9.Bb3 Bb7 10.Rd1 Be7 11.dxc5 Qc7 12.Bd2 O-O 13.Rac1 Ne5 14.Nxe5 Qxe5 15.f4 Qf5
16.Bc2 Qxc5 17.Bb1 Qb6 18.a3 Rfd8 19.Be1 h6 20.Bf2 Rxd1+ 21.Rxd1 Rd8 22.Rxd8+ Qxd8
23.h3 Bc5 24.Qd3 Qc7 25.b4 Be7 26.Qd2 Nd5 27.Nxd5 Bxd5 28.e4 Bb7 29.Bd3 Qd7
30.Be3 Qc6 31.Qc2 Qd7 32.e5 Qd5 33.Bf1 g6 34.Qd3 Qc6 35.Qd2 h5 36.Qf2 Qe4
37.Bc5 Bd8 38.Bd6 Qc6 39.Bc5 Qd5 40.Qd4 Qxd4+ 41.Bxd4 Bd5 42.Kf2 h4 43.Ke3 g5
44.fxg5 Bxg5+ 45.Kf2 Kg7 46.Bb2 Kg6 47.Bd3+ Kh5 48.Be2+ Kh6 49.Bf3 Bxf3 50.Kxf3 Kh5
51.Ke4 Bd2 52.Kd4 Kg5 53.Kc5 Be3+ 54.Kc6 Kf4 55.Kb7 Kg3 56.Bc3 Kxg2 57.Be1 Kxh3
58.Bxh4 Kxh4 59.Kxa6 Bc1 60.Kxb5 Bxa3 61.Ka4 Bb2 62.b5 Bxe5 63.Ka5 f5 64.Kb6 f4
65.Kc6 f3 66.b6 f2 67.Kd7 f1=Q 68.Kxe6 Bg3  0-1

[Event "Women's Speed Chess GP3"]
[Site "chess.com INT"]
[Date "2020.07.08"]
[Round "1.10"]
[White "Krush,I"]
[Black "Khademalsharieh,S"]
[Result "1-0"]
[WhiteElo "2429"]
[BlackElo "2494"]

1.d4 Nf6 2.c4 e6 3.Nc3 Bb4 4.Qc2 d5 5.e3 O-O 6.a3 Bxc3+ 7.bxc3 b6 8.cxd5 exd5
9.Bd3 Ba6 10.Ne2 Bxd3 11.Qxd3 c5 12.O-O Nc6 13.Bb2 c4 14.Qc2 b5 15.Rae1 Re8
16.Ng3 a5 17.f3 b4 18.e4 bxc3 19.Bxc3 dxe4 20.fxe4 Nxd4 21.Qf2 Ne6 22.e5 Nd5
23.Qxf7+ Kh8 24.Rd1 Qb6+ 25.Bd4 Nxd4 26.Qf2 Nc6 27.Rxd5 Qxf2+ 28.Rxf2 Nxe5
29.Rc2 Nd3 30.h3 Re1+ 31.Kh2 Ne5 32.Nf5 h6 33.Nd6 Rf8 34.Nxc4 Nxc4 35.Rxc4 Ra1
36.Ra4 Rf2 37.Rdxa5 Raa2 38.Rg4 Rf3 39.Ra8+ Kh7 40.Ra7 Rfxa3 41.Raxg7+ Kh8
42.R7g6 Ra7 43.Rxh6+ Rh7 44.Rxh7+ Kxh7 45.h4 Ra5 46.Kh3 Kh6 47.Rc4 Ra1 48.Rc6+ Kh7
49.g3 Ra4 50.h5 Ra5 51.g4 Ra1 52.Kh4 Kg7 53.Rc7+ Kh8 54.h6 Ra5 55.g5 Ra4+
56.Kh5 Ra6 57.Rc8+ Kh7 58.g6+ Rxg6 59.Rc7+ Rg7 60.Rxg7+ Kh8 61.Rc7  1-0

[Event "Women's Speed Chess GP3"]
[Site "chess.com INT"]
[Date "2020.07.08"]
[Round "1.11"]
[White "Khademalsharieh,S"]
[Black "Krush,I"]
[Result "1-0"]
[WhiteElo "2494"]
[BlackElo "2429"]

1.Nf3 d5 2.e3 Nf6 3.b3 Bf5 4.Bb2 e6 5.c4 c6 6.Be2 h6 7.O-O Nbd7 8.Nc3 Bd6
9.d3 O-O 10.Re1 Bh7 11.Bf1 Qe7 12.Rc1 a5 13.cxd5 exd5 14.e4 dxe4 15.dxe4 Ne5
16.Nxe5 Bxe5 17.Qf3 Rfe8 18.g3 Rad8 19.Bg2 Qb4 20.Qe2 Bd4 21.h3 Nd7 22.Kh2 Ba7
23.f4 Nc5 24.Qg4 f6 25.Na4 Nxa4 26.Bxf6 Rd7 27.Qxd7 Rf8 28.Qxg7+  1-0

[Event "Women's Speed Chess GP3"]
[Site "chess.com INT"]
[Date "2020.07.08"]
[Round "1.12"]
[White "Krush,I"]
[Black "Khademalsharieh,S"]
[Result "1-0"]
[WhiteElo "2429"]
[BlackElo "2494"]

1.d4 Nf6 2.c4 e6 3.Nc3 Bb4 4.Qc2 d5 5.e3 O-O 6.Nf3 Re8 7.a3 Bf8 8.Bd3 b6
9.O-O Ba6 10.b3 Nbd7 11.Bb2 c5 12.Rac1 dxc4 13.bxc4 cxd4 14.exd4 Rc8 15.Qe2 Rc7
16.Ne5 Qc8 17.Nb5 Bxb5 18.cxb5 Nxe5 19.dxe5 Nd5 20.h4 Rd8 21.Be4 Rxc1 22.Rxc1 Qd7
23.Qc2 g6 24.h5 Bc5 25.hxg6 hxg6 26.g3 Qe7 27.Kg2 Qg5 28.Rh1 Ne7 29.Bc1 Qxe5
30.Bb2 Bd4 31.Bc1 Qg7 32.Bg5 f6 33.Bh6 Qf7 34.Bd2 Nd5 35.Bxg6 Qg7 36.Bh7+ Kf8
37.Bh6 Ne3+ 38.fxe3  1-0

[Event "Women's Speed Chess GP3"]
[Site "chess.com INT"]
[Date "2020.07.08"]
[Round "1.13"]
[White "Krush,I"]
[Black "Khademalsharieh,S"]
[Result "0-1"]
[WhiteElo "2429"]
[BlackElo "2494"]

1.c4 b6 2.d4 e6 3.e4 Bb7 4.Bd3 Bb4+ 5.Bd2 Bxd2+ 6.Nxd2 d6 7.Ne2 Nd7 8.Nf1 Ngf6
9.f3 c5 10.d5 Ne5 11.Ne3 O-O 12.O-O exd5 13.cxd5 a6 14.a4 Qd7 15.Nc3 Qc7
16.b3 Bc8 17.Be2 Re8 18.f4 Ng6 19.Qc2 Rb8 20.Kh1 Qe7 21.Bd3 Bd7 22.Rab1 b5
23.axb5 axb5 24.Nf5 Qf8 25.Rbe1 b4 26.Ne2 Bxf5 27.exf5 Ne7 28.Ng3 Nexd5 29.Ne4 Nxe4
30.Bxe4 Nc3 31.Bc6 Rxe1 32.Rxe1 d5 33.Qd3 Qd6 34.Be8 Qxf4 35.h3 Ne4 36.Qxd5 Rxe8
37.Ra1 Ng3+ 38.Kg1 Ne2+ 39.Kh1 h5 40.Ra7 Qf1+ 41.Kh2 Qg1+  0-1

[Event "Women's Speed Chess GP3"]
[Site "chess.com INT"]
[Date "2020.07.08"]
[Round "1.3"]
[White "Khademalsharieh,S"]
[Black "Krush,I"]
[Result "0-1"]
[WhiteElo "2494"]
[BlackElo "2429"]

1.Nf3 d5 2.c4 dxc4 3.e3 Nf6 4.Bxc4 e6 5.b3 c5 6.Bb2 Nc6 7.O-O Be7 8.Nc3 O-O
9.Rc1 a6 10.Re1 b6 11.Bf1 Bb7 12.a3 Qd7 13.Ne2 Rfd8 14.d4 cxd4 15.Nexd4 Nxd4
16.Nxd4 Rac8 17.Qe2 Rxc1 18.Rxc1 Rc8 19.Rxc8+ Qxc8 20.b4 h6 21.Qd1 Nd5 22.Qd2 b5
23.Nb3 Nb6 24.Na5 Bd5 25.Bd4 Qc7 26.e4 Ba8 27.Qe3 Nd7 28.e5 Qc2 29.f4 Bd5
30.Qd3 Qc1 31.Be3 Qa1 32.Bd4 Qa2 33.Qc3 Nf8 34.Qb2 Qxb2 35.Bxb2 Ng6 36.g3 Bd8
37.Bd4 Ne7 38.Bd3 Nf5 39.Ba7 g5 40.Kf2 gxf4 41.gxf4 Kg7 42.Bc2 Kg6 43.Nb3 Kh5
44.Bxf5 exf5 45.Nc5 a5 46.Nd3 a4 47.Ne1 Bh4+ 48.Kf1 Bc4+  0-1

[Event "Women's Speed Chess GP3"]
[Site "chess.com INT"]
[Date "2020.07.08"]
[Round "1.2"]
[White "Krush,I"]
[Black "Khademalsharieh,S"]
[Result "1-0"]
[WhiteElo "2429"]
[BlackElo "2494"]

1.d4 Nf6 2.c4 e6 3.Nc3 Bb4 4.Qc2 d5 5.cxd5 Qxd5 6.Nf3 Qf5 7.Qxf5 exf5 8.Bf4 Nd5
9.Bd2 Be6 10.e3 Nd7 11.Bd3 g6 12.Ng5 c6 13.Nxe6 fxe6 14.Ke2 Bd6 15.a3 e5
16.Nxd5 cxd5 17.dxe5 Bxe5 18.Rac1 Ke7 19.Bc3 Rac8 20.Bxe5 Nxe5 21.Bb1 Nc4
22.Rc2 Rc6 23.Ba2 Rhc8 24.Bxc4 dxc4 25.Rd1 b5 26.Rd5 a6 27.Kd2 Ke6 28.Rd4 a5
29.Kc3 Rb8 30.Kd2 Rd6 31.Kc3 Rc6 32.Kd2 Ke5 33.b3 Rbc8 34.bxc4 bxc4 35.Kc3 R8c7
36.Rb2 Rc5 37.a4 Ke6 38.Rb6+ Kf7 39.Rb5 Ke6 40.Rxc5 Rxc5 41.Rxc4 Rd5 42.Rc6+ Kf7
43.Rc7+ Kg8 44.Ra7 h5 45.h4 Re5 46.g3 Kf8 47.Kd3 Rd5+ 48.Ke2 Rc5 49.Kf3 Rd5
50.Kf4 Rd2 51.f3 Rd5 52.Kg5 Rd3 53.Kxg6 Rxe3 54.Kxf5 Rxf3+ 55.Kg5 Rxg3+ 56.Kxh5 Kg8
57.Rxa5 Ra3 58.Rg5+ Kh7 59.a5 Ra4 60.Rb5 Kg7 61.Rb7+ Kh8 62.Ra7 Kg8 63.a6 Ra1
64.Kg5 Kh8 65.Kg6 Rg1+ 66.Kh6 Kg8 67.Rb7 Ra1 68.a7 Ra6+ 69.Kg5 Ra5+ 70.Kf4 Ra4+
71.Ke3 Ra3+ 72.Kd2  1-0

[Event "Women's Speed Chess Main"]
[Site "chess.com INT"]
[Date "2021.06.18"]
[Round "1.312"]
[White "Krush,I"]
[Black "Dzagnidze,N"]
[Result "0-1"]
[WhiteElo "2429"]
[BlackElo "2524"]

1.Nf3 f5 2.d4 Nf6 3.c4 b6 4.Nc3 Bb7 5.e3 e6 6.Bd3 Bb4 7.Bd2 O-O 8.O-O Bxc3
9.Bxc3 d6 10.b4 Nbd7 11.d5 exd5 12.Bxf5 dxc4 13.Be6+ Kh8 14.Bxc4 Ne4 15.Bb2 Ng5
16.Nd4 Ne5 17.Be2 c5 18.bxc5 bxc5 19.f4 cxd4 20.Qxd4 Ne6 21.Qb4 Rb8 22.fxe5 Rxf1+
23.Bxf1 Bxg2 24.Qc3 Be4 25.exd6 Qg5+ 26.Kf2 Rf8+ 27.Ke2 Qg1 28.Qe5 Rf2+  0-1

[Event "Women's Speed Chess Main"]
[Site "chess.com INT"]
[Date "2021.06.18"]
[Round "1.312"]
[White "Dzagnidze,N"]
[Black "Krush,I"]
[Result "1-0"]
[WhiteElo "2524"]
[BlackElo "2429"]

1.e4 c5 2.c3 d5 3.exd5 Qxd5 4.d4 Nf6 5.Nf3 Bg4 6.Be2 e6 7.h3 Bh5 8.Be3 cxd4
9.cxd4 Nc6 10.Nc3 Qd8 11.O-O Be7 12.Ne5 Bxe2 13.Nxe2 O-O 14.Rc1 Nb4 15.a3 Nbd5
16.Nc3 Rc8 17.Nxd5 Qxd5 18.Qf3 h6 19.Qxd5 Nxd5 20.Rxc8 Rxc8 21.Rc1 Rxc1+
22.Bxc1 f6 23.Nd3 Kf7 24.Kf1 Bd6 25.Ke2 g5 26.Bd2 f5 27.g3 Kf6 28.Kf3 b6
29.Ke2 h5 30.Kf3 g4+ 31.hxg4 hxg4+ 32.Ke2 Ke7 33.Bc1 Kd7 34.Bd2 Kc6 35.a4 a6
36.b3 b5 37.axb5+ Kxb5 38.Kd1 Nf6 39.Bf4 Be7 40.Bg5 a5 41.Kc2 Kc6 42.Nf4 Kd7
43.Bxf6 Bxf6 44.Kd3 Be7 45.d5 e5 46.Ng6 Kd6 47.Kc4 Bd8 48.Nh8 e4 49.Ng6  1-0